| 000 | 00349 a2200157 4500 | ||
|---|---|---|---|
| 001 | 191272 | ||
| 020 | _a85-10-01080-3 | ||
| 040 | _cMagnum | ||
| 100 | _aAndrade, Maria Lúcia Ribeiro de | ||
| 240 | 1 | 0 |
_aTeté, o anjo amigo _lpor |
| 245 | 1 | 0 | _aTeté, o anjo amigo |
| 300 | _a32 | ||
| 362 | 0 | _a1989 | |
| 697 | _aLITERATURA INFANTO | ||
| 942 | _cBK | ||
| 999 |
_c191272 _d191272 |
||